| 000 | 00558pab a2200193 454500 | ||
|---|---|---|---|
| 008 | 180718b2008 xxu||||| |||| 00| 0 eng d | ||
| 100 | _aMacnicol, John | ||
| 245 | _aOlder men and work in the twenty-first century: what can the history of retirement tell us? | ||
| 260 | _c2008 | ||
| 300 | _ap.579-95. | ||
| 362 | _aOct | ||
| 650 | _aOld age - 21st century | ||
| 650 | _aRetirement - 21st century | ||
| 650 | _aAgeing population - 21st century | ||
| 650 | _aAgeing population | ||
| 773 | _aJournal of Social Policy | ||
| 908 | _aN | ||
| 909 | _a80185 | ||
| 999 |
_c80185 _d80185 |
||